Strategic Management (Record no. 13919)

MARC details
000 -LEADER
fixed length control field 00446nam a22001817a 4500
003 - CONTROL NUMBER IDENTIFIER
control field OSt
008 - FIXED-LENGTH DATA ELEMENTS--GENERAL INFORMATION
fixed length control field 260424b |||||||| |||| 00| 0 eng d
020 ## - INTERNATIONAL STANDARD BOOK NUMBER
International Standard Book Number 9789391820954
082 ## - DEWEY DECIMAL CLASSIFICATION NUMBER
Classification number 658.4012 PRS
100 ## - MAIN ENTRY--PERSONAL NAME
Personal name PRASAD, L. M.,
245 ## - TITLE STATEMENT
Title Strategic Management
250 ## - EDITION STATEMENT
Edition statement 8th Revised edition,
260 ## - PUBLICATION, DISTRIBUTION, ETC. (IMPRINT)
Place of publication, distribution, etc New Delhi,
Name of publisher, distributor, etc Sultan Chand & Sons,
Date of publication, distribution, etc 2024,
300 ## - PHYSICAL DESCRIPTION
Extent 556 p.
650 ## - SUBJECT ADDED ENTRY--TOPICAL TERM
Topical term or geographic name as entry element Commerce,
942 ## - ADDED ENTRY ELEMENTS (KOHA)
Source of classification or shelving scheme Dewey Decimal Classification
Koha item type Text Books
Holdings
Withdrawn status Lost status Source of classification or shelving scheme Damaged status Not for loan Collection code Home library Current library Date acquired Source of acquisition Currency Cost, normal purchase price Bill Number Total Checkouts Full call number Acc. no. / Barcode Date last seen Actual Cost, discounted price Bill Date Koha item type
    Dewey Decimal Classification     B.Com. Hons PIET NCR College Library PIET NCR College Library 21/04/2026 Zafaa Books & Distributers In Rupees 500.00 ZDB-2026-27-0022   658.4012 PRS N4417 24/04/2026 400.00 21/04/2026 Reference Books
    Dewey Decimal Classification     B.Com. Hons PIET NCR College Library PIET NCR College Library 21/04/2026 Zafaa Books & Distributers In Rupees 500.00 ZDB-2026-27-0022   658.4012 PRS N4418 24/04/2026 400.00 21/04/2026 Text Books
    Dewey Decimal Classification     B.Com. Hons PIET NCR College Library PIET NCR College Library 21/04/2026 Zafaa Books & Distributers In Rupees 500.00 ZDB-2026-27-0022   658.4012 PRS N4419 24/04/2026 400.00 21/04/2026 Text Books
    Dewey Decimal Classification     B.Com. Hons PIET NCR College Library PIET NCR College Library 21/04/2026 Zafaa Books & Distributers In Rupees 500.00 ZDB-2026-27-0022   658.4012 PRS N4420 24/04/2026 400.00 21/04/2026 Text Books
    Dewey Decimal Classification     B.Com. Hons PIET NCR College Library PIET NCR College Library 21/04/2026 Zafaa Books & Distributers In Rupees 500.00 ZDB-2026-27-0022   658.4012 PRS N4421 24/04/2026 400.00 21/04/2026 Text Books

Design & Developed by: PIET Central Library
R70 Miles Stone Pattikalyana Samalkha Panipat 132102
mail ID :- [email protected], Phone No:- 0180-2569700 Ex.216